| 000 | 01049cam a22002892 4500 | ||
|---|---|---|---|
| 001 | 0000004479 | ||
| 005 | 20151217145810.0 | ||
| 008 | 070523s xx 000 0 eng d | ||
| 020 |
_a9814033588 : _cKES 902 |
||
| 040 |
_aKABU _cKABU |
||
| 050 | 0 |
_aQA76.9 _b.H46 1998 |
|
| 100 | 1 |
_aHennessy, John L. _@0000148193 |
|
| 245 | 1 | 0 |
_aComputer organization and design : _bthe hardware/software interface / _cJohn L. Hennessy, David A. Patterson. |
| 250 | _a2nd ed. | ||
| 260 |
_aSingapore : _bHarcourt Asia PTE Ltd, _cc1998. |
||
| 300 |
_a1 v. (various pagings) ; _c24 cm. |
||
| 650 | 0 |
_aComputer organization. _@0000148192 |
|
| 650 | 0 |
_aComputer engineering. _@0000155067 |
|
| 650 | 0 |
_aComputer interfaces. _@0000155068 |
|
| 700 | 1 |
_aPatterson, David A. _@0000148191 |
|
| 908 | _a070523 | ||
| 950 | _@1 | ||
| 999 |
_c2720 _d2720 |
||